000 00272nam a2200097Ia 4500
001 1099747
005 20250827003139.0
008 250824s9999 xx 000 0 und d
245 0 _aYAVUZ SULTAN SELİM VE KUTSAL EMANETLER
_cYAVUZ BAHADIROĞLU
260 _bPANAMA YAYINLARI
999 _c1099747
_d1099747